00275nam a2200121Ia 4500003000400000005001700004008004100021020001800062040001700080100001300097245002800110260001500138OSt20240326104655.0170524s9999 xx 000 0 und d a9788172246440 cIIMTU MEERUT ayagarjan 4aThe power of friendship bJaico Pub.